000 00582nam a2200193Ia 4500
008 151121s9999||||xx |||||||||||||| ||und||
082 _a814 / पठाण
082 _bHNW-76559
100 _aपठाण यू।। म।
245 _aरेशीम बंध
260 _b"शब्द प्रकाशन, सातारा।"
260 _c--
300 _a128
600 _aपठाण यू।। म।
630 _aरेशीम बंध
700 _aपठाण यू।। म।
730 _aरेशीम बंध
942 _cBOOK
999 _c1257982
_d1257979